|
|
|
|
| LEADER |
01142nam a22002537a 4500 |
| 001 |
AAL4416 |
| 003 |
BD-DhAAL |
| 005 |
20160311194030.0 |
| 008 |
160311s 2002bg ||||| |||| 00| 0 ben d |
| 020 |
|
|
|a 9848242805
|
| 040 |
|
|
|a BD-DhAAL
|c BD-DhAAL
|
| 082 |
|
|
|a 891.73
|
| 100 |
|
|
|a তলস্তয়, কাউন্ট লিও
|9 18409
|
| 245 |
|
|
|a ওয়ার এ্যান্ড পিস /
|c কাউন্ট লিও তলস্তয়, মোঃ ছালাম হোসেন খান
|
| 246 |
|
|
|a যুদ্ধ এবং শান্তি
|
| 260 |
|
|
|a ঢাকা :
|b জোনাকী প্রকাশনী,
|c ২০০২
|
| 300 |
|
|
|a ৭৮৩ পৃ. ;
|c ২৪ সে.মি.
|
| 541 |
|
|
|e 4416
|
| 650 |
|
|
|a রাশিয়ান উপন্যাস
|9 18410
|
| 700 |
|
|
|a খান, মোঃ ছালাম হোসেন
|9 18411
|
| 852 |
|
|
|a Savar Campus Library
|b General Shelf
|
| 942 |
|
|
|2 ddc
|c BK
|
| 999 |
|
|
|c 37065
|d 37065
|
| 952 |
|
|
|0 0
|1 0
|2 ddc
|4 0
|6 891_730000000000000_TAL
|7 0
|9 58317
|a SCL
|b SCL
|c GEN
|d 2016-03-11
|g 250.00
|l 2
|m 8
|o 891.73 TAL
|p 3020004416
|r 2020-02-17
|s 2020-02-05
|t 1
|w 2016-03-11
|y BK
|